000 00312nam a22001457a 4500
999 _c54904
_d54904
008 190925b ||||| |||| 00| 0 eng d
020 _a9780071748018
041 _aeng
080 _a004
082 _a004
100 _a28
101 _aSHKI
245 _aWeb Design DeMYSTiFieD
_cWillard,W
942 _2udc
_cBK